Dionisio y la diosa tierra /

La «materia prima» del dionisismo es un sistema religioso muy antiguo situado bajo la tutela de la diosa Tierra. También otras divinidades conservan el mismo fondo bajo una apariencia de rituales secretos exclusivamente femeninos. Pero bajo esta forma, la religión de Tierra es, además de «salvada»,...

Full description

Bibliographic Details
Main Author: Daraki, Maria
Format: Libro
Language:Spanish
Published: Madrid Abada 2005
Series:Lectura, historia antigua
Subjects:
Online Access:

MARC

LEADER 00000cam a2200000 a 4500
001 002952
003 UAHC_CL
005 20170803115901.0
008 140702s2005 sp g 000 spa
020 |a 9788496258433 
040 |a UAHC_CL  |c UAHC_CL  |d UAHC_CL 
082 0 4 |a 291.13  |b D213  |2 20 
100 1 |a Daraki, Maria 
245 1 0 |a Dionisio y la diosa tierra /  |c Maria Daraki. 
260 |b Abada  |a Madrid  |c 2005 
300 |a 316 p. 
490 0 |a Lectura, historia antigua 
520 |a La «materia prima» del dionisismo es un sistema religioso muy antiguo situado bajo la tutela de la diosa Tierra. También otras divinidades conservan el mismo fondo bajo una apariencia de rituales secretos exclusivamente femeninos. Pero bajo esta forma, la religión de Tierra es, además de «salvada», marginada: se ve relegada al ámbito de las mujeres. Dioniso, en cambio, se da a todos. Gracias a él, Grecia dispondrá de su pasado lejano no sólo como un rescoldo, sino como una llama maravillosa. 
650 4 |a MITOLOGIA GRIEGA 
650 4 |a DIOSES GRIEGOS 
900 |a 291.13 DAR 
942 |c BK 
952 |0 0  |1 0  |4 0  |6 291_130000000000000_DAR  |7 0  |8 General  |9 6476  |a BC  |b BC  |c General  |d 2017-08-03  |l 0  |o 291.13 DAR  |p 1420553  |r 2026-01-07 00:00:00  |t 1  |w 2017-08-03  |y BK 
999 |c 2952  |d 2952